| 000 | 00404 a2200145 4500 | ||
|---|---|---|---|
| 005 | 20250623091244.0 | ||
| 020 | _a978-0-07-319558-2 | ||
| 082 | _a658.40 BAL | ||
| 100 | _aBALTZAN,P | ||
| 245 | _aBusiness Driven Information Systems | ||
| 260 |
_aNew York _bMcGraw-Hill Irwin _c2008. |
||
| 300 |
_axxix,489p.: ill.; figures _bIndex, Glossary, References _c28cm |
||
| 700 | _aAmy Phillips | ||
| 942 |
_2ddc _cBKS |
||
| 999 |
_c4640 _d4640 |
||